[Event "RA-2021-0-00689"]
[Site "LSS email"]
[Date "2021.09.24"]
[Round "?"]
[White "Vaassen, Jack M"]
[Black "Olivas Montiel, Carlos Fernando"]
[Result "1/2-1/2"]
[WhiteElo "2066"]
[BlackElo "2096"]
[PlyCount "90"]
[EventDate "2021.08.10"]
[EventType "tourn (corr)"]
[EventRounds "6"]
[EventCountry "GER"]
[SourceTitle "Corr 2024"]
[Source "ChessBase"]
[SourceDate "2023.10.19"]
[SourceVersion "1"]
[SourceVersionDate "2023.10.19"]
[SourceQuality "1"]

1. e4 e6 2. d4 d5 3. Nc3 Nf6 4. e5 Nfd7 5. f4 c5 6. Nf3 Nc6 7. Be3 cxd4 8. Nxd4 Qb6 9. Qd2 Qxb2 10. Rb1 Qa3 11. Bb5 Nxd4 12. Bxd4 a6 13. Bxd7+ Bxd7 14. Rb3 Qe7 15. Rxb7 Qd8 16. 0-0 Rc8 17. Qe3 Rc4 18. Rfb1 Be7 19. f5 Bc8 20. Ra7 Bg5 21. Qf2 0-0 22. f6 gxf6 23. exf6 h6 24. h4 Rxd4 25. Qxd4 Bxf6 26. Qe3 Bxh4 27. Ne2 Qg5 28. Qxg5+ Bxg5 29. Kf2 e5 30. Rb8 Bf5 31. Rxf8+ Kxf8 32. Rxa6 d4 33. Rc6 Ke7 34. a4 Be4 35. Rc4 Be3+ 36. Ke1 Bxg2 37. a5 Kd7 38. Ng3 Bg5 39. Ke2 Bc6 40. Rb4 Be7 41. Rb1 Bc5 42. Kd3 Ba7 43. Rc1 h5 44. Nxh5 e4+ 45. Kd2 f5 1/2-1/2

[Event "CP-2014-P-00047"]
[Site "LSS email"]
[Date "2014.09.30"]
[Round "?"]
[White "Olivas Montiel, Carlos Fernando"]
[Black "Demidov, Lazar"]
[Result "1-0"]
[WhiteElo "2120"]
[BlackElo "1806"]
[PlyCount "51"]
[EventDate "2014.10.01"]
[EventType "tourn (corr)"]
[EventRounds "6"]
[EventCountry "GER"]
[SourceTitle "Corr 2022"]
[Source "ChessBase"]
[SourceDate "2021.10.24"]
[SourceVersion "1"]
[SourceVersionDate "2021.10.24"]
[SourceQuality "1"]

1. d4 Nf6 2. c4 c5 3. d5 e6 4. Nc3 exd5 5. cxd5 d6 6. e4 g6 7. Bd3 a6 8. a4 Bg7 9. h3 Nfd7 10. Nf3 Ne5 11. Nxe5 Bxe5 12. Bh6 g5 13. h4 gxh4 14. Qd2 Nd7 15. f4 Bd4 16. Ne2 Bf6 17. 0-0-0 c4 18. Bc2 Nc5 19. e5 Be7 20. e6 Nb3+ 21. Bxb3 cxb3 22. f5 Rg8 23. Nc3 Qc7 24. Qe2 fxe6 25. dxe6 Kd8 26. Bf4 1-0

[Event "CP-2014-P-00047"]
[Site "LSS email"]
[Date "2014.09.30"]
[Round "?"]
[White "Olivas Montiel, Carlos Fernando"]
[Black "Schubert, Kristian"]
[Result "0-1"]
[WhiteElo "2120"]
[BlackElo "1785"]
[PlyCount "62"]
[EventDate "2014.10.01"]
[EventType "tourn (corr)"]
[EventRounds "6"]
[EventCountry "GER"]
[SourceTitle "Corr 2022"]
[Source "ChessBase"]
[SourceDate "2021.10.24"]
[SourceVersion "1"]
[SourceVersionDate "2021.10.24"]
[SourceQuality "1"]

1. d4 Nf6 2. c4 e6 3. Nc3 Bb4 4. e3 0-0 5. Nf3 Bxc3+ 6. bxc3 d5 7. Ba3 Re8 8. Be2 b6 9. 0-0 Ba6 10. cxd5 Bxe2 11. Qxe2 Qxd5 12. c4 Qa5 13. Bb2 Nc6 14. Rfd1 Rad8 15. Qc2 h6 16. Rab1 Ne7 17. e4 Ng6 18. d5 e5 19. Rd3 c6 20. Rc3 Qa6 21. Rc1 Rc8 22. g3 cxd5 23. cxd5 Rxc3 24. Bxc3 Rc8 25. Ne1 Ne8 26. f3 Nd6 27. Qb2 Qb5 28. Qxb5 Nxb5 29. Bb2 Rxc1 30. Bxc1 Kf8 31. Kf1 Ke8 0-1

[Event "CP-2014-P-00047"]
[Site "LSS email"]
[Date "2014.09.30"]
[Round "?"]
[White "Rivas Maceda, Juan"]
[Black "Olivas Montiel, Carlos Fernando"]
[Result "1/2-1/2"]
[WhiteElo "2079"]
[BlackElo "2120"]
[PlyCount "65"]
[EventDate "2014.10.01"]
[EventType "tourn (corr)"]
[EventRounds "6"]
[EventCountry "GER"]
[SourceTitle "Corr 2022"]
[Source "ChessBase"]
[SourceDate "2021.10.24"]
[SourceVersion "1"]
[SourceVersionDate "2021.10.24"]
[SourceQuality "1"]

1. Nf3 Nf6 2. d4 d5 3. c4 c6 4. a4 Bf5 5. Nc3 e6 6. e3 Bb4 7. Be2 a5 8. Nh4 Bg6 9. 0-0 0-0 10. Nxg6 hxg6 11. Na2 Bd6 12. b3 Na6 13. Bb2 Bc7 14. Bf3 Qe7 15. Qc2 Rfd8 16. Rfd1 Rac8 17. Rac1 Bd6 18. h3 Rd7 19. Bc3 Qd8 20. Qd2 Bc7 21. Qe2 Qe7 22. Qd2 Qd8 23. Qe2 Nh7 24. g3 f5 25. h4 Nf6 26. Rc2 Ne4 27. Nc1 g5 28. hxg5 Qxg5 29. Nd3 g6 30. Qe1 Nxc3 31. Qxc3 Rh7 32. Kg2 Kg7 33. Rcc1 1/2-1/2

[Event "BI-2014-P-0001"]
[Site "LSS email"]
[Date "2014.04.19"]
[Round "?"]
[White "Ethier, Valori"]
[Black "Olivas Montiel, Carlos Fernando"]
[Result "1/2-1/2"]
[WhiteElo "1837"]
[BlackElo "2037"]
[PlyCount "76"]
[EventDate "2014.04.25"]
[EventType "tourn (corr)"]
[EventRounds "10"]
[EventCountry "GER"]
[SourceTitle "Corr 2015"]
[Source "ChessBase"]
[SourceDate "2015.07.17"]
[SourceVersion "1"]
[SourceVersionDate "2015.07.17"]
[SourceQuality "1"]

1. e4 e6 2. d4 d5 3. Nc3 Nf6 4. e5 Nfd7 5. f4 c5 6. Nf3 Nc6 7. Be3 cxd4 8. Nxd4 Bc5 9. Qd2 a6 10. 0-0-0 Nxd4 11. Bxd4 0-0 12. Kb1 b5 13. Qe3 Bxd4 14. Qxd4 Qc7 15. a3 Rb8 16. Be2 Nb6 17. h4 Nc4 18. Bxc4 Qxc4 19. h5 a5 20. Qxc4 bxc4 21. h6 f6 22. hxg7 Kxg7 23. exf6+ Rxf6 24. Ne2 Bd7 25. Rde1 Be8 26. Kc1 Bg6 27. g4 Kg8 28. Rhf1 Rbf8 29. Kd2 Be4 30. Rf2 e5 31. f5 Rg6 32. Rg1 Rf7 33. Ke3 Rg5 34. Nc3 Bxf5 35. Nxd5 Bd7 36. Nf6+ Kg7 37. Nxd7 Rxd7 38. a4 Rd4 1/2-1/2

[Event "BI-2014-P-0001"]
[Site "LSS email"]
[Date "2014.04.19"]
[Round "?"]
[White "Mostowik, Daniel"]
[Black "Olivas Montiel, Carlos Fernando"]
[Result "1/2-1/2"]
[WhiteElo "1883"]
[BlackElo "2037"]
[PlyCount "37"]
[EventDate "2014.04.25"]
[EventType "tourn (corr)"]
[EventRounds "10"]
[EventCountry "GER"]
[SourceTitle "Corr 2015"]
[Source "ChessBase"]
[SourceDate "2015.07.17"]
[SourceVersion "1"]
[SourceVersionDate "2015.07.17"]
[SourceQuality "1"]

1. d4 Nf6 2. c4 e6 3. Nf3 b6 4. g3 Bb7 5. Bg2 c5 6. d5 exd5 7. Nh4 g6 8. Nc3 Bg7 9. Bg5 h6 10. Bxf6 Bxf6 11. Bxd5 Bxd5 12. Nxd5 Bxb2 13. Qb1 Bg7 14. Qe4+ Kf8 15. Rd1 Nc6 16. 0-0 Bf6 17. Nxg6+ fxg6 18. Rd3 Kg8 19. Rf3 1/2-1/2

[Event "BI-2014-P-0001"]
[Site "LSS email"]
[Date "2014.04.19"]
[Round "?"]
[White "Olivas Montiel, Carlos Fernando"]
[Black "Montarolo, Luca"]
[Result "1-0"]
[WhiteElo "2037"]
[BlackElo "367"]
[PlyCount "33"]
[EventDate "2014.04.25"]
[EventType "tourn (corr)"]
[EventRounds "10"]
[EventCountry "GER"]
[SourceTitle "Corr 2015"]
[Source "ChessBase"]
[SourceDate "2015.07.17"]
[SourceVersion "1"]
[SourceVersionDate "2015.07.17"]
[SourceQuality "1"]

1. d4 d5 2. c4 dxc4 3. e3 Bf5 4. Bxc4 Bxb1 5. Rxb1 Nc6 6. Nf3 e6 7. 0-0 Bd6 8. e4 Qf6 9. Qa4 Qg6 10. Ba6 bxa6 11. Qxc6+ Kd8 12. Qxa8+ Kd7 13. Ne5+ Bxe5 14. dxe5 Qg4 15. Bg5 Qxg5 16. Rfd1+ Ke7 17. Qd8# 1-0

[Event "CP-2013-P-00058"]
[Site "LSS email"]
[Date "2013.09.30"]
[Round "?"]
[White "Meszaros, Tamas"]
[Black "Olivas Montiel, Carlos Fernando"]
[Result "0-1"]
[WhiteElo "1500"]
[BlackElo "2037"]
[PlyCount "46"]
[EventDate "2013.10.01"]
[EventType "tourn (corr)"]
[EventRounds "6"]
[EventCountry "GER"]
[SourceTitle "Corr 2015"]
[Source "ChessBase"]
[SourceDate "2015.07.17"]
[SourceVersion "1"]
[SourceVersionDate "2015.07.17"]
[SourceQuality "1"]

1. e4 e6 2. d4 d5 3. exd5 exd5 4. Nf3 Nc6 5. Nc3 Nf6 6. Bg5 Be7 7. Bb5 0-0 8. 0-0 h6 9. Bh4 Bg4 10. Bxc6 bxc6 11. Qd3 Bxf3 12. Qxf3 Nh7 13. Bxe7 Qxe7 14. Rfe1 Qb4 15. Qd3 Rfe8 16. b3 Nf6 17. Ne2 Re6 18. c3 Qe7 19. Kf1 Re8 20. h3 Ne4 21. Qd1 Qh4 22. Ng3 Nxg3+ 23. fxg3 Rxe1+ 0-1

[Event "SA-2013-0-00365"]
[Site "LSS email"]
[Date "2013.09.01"]
[Round "?"]
[White "Kudr, Roman"]
[Black "Olivas Montiel, Carlos Fernando"]
[Result "1/2-1/2"]
[WhiteElo "2205"]
[BlackElo "2088"]
[PlyCount "47"]
[EventDate "2013.08.18"]
[EventType "tourn (corr)"]
[EventRounds "6"]
[EventCountry "GER"]
[SourceTitle "Corr 2022"]
[Source "ChessBase"]
[SourceDate "2021.10.24"]
[SourceVersion "1"]
[SourceVersionDate "2021.10.24"]
[SourceQuality "1"]

1. e4 e6 2. d4 d5 3. Nc3 Nf6 4. Bg5 Be7 5. e5 Nfd7 6. Bxe7 Qxe7 7. f4 0-0 8. Nf3 c5 9. Qd2 Nc6 10. dxc5 Rd8 11. 0-0-0 Nxc5 12. Qe3 a6 13. Nd4 Rb8 14. Nce2 Bd7 15. h4 Na4 16. Kb1 Qb4 17. Qb3 Nc5 18. Qxb4 Nxb4 19. Rh3 h5 20. Re3 Rdc8 21. a3 Nc6 22. Nxc6 Bxc6 23. Nd4 g6 24. Be2 1/2-1/2

[Event "SA-2013-0-00365"]
[Site "LSS email"]
[Date "2013.08.31"]
[Round "?"]
[White "Olivas Montiel, Carlos Fernando"]
[Black "Hatsek, Werner"]
[Result "1/2-1/2"]
[WhiteElo "2088"]
[BlackElo "2092"]
[PlyCount "78"]
[EventDate "2013.08.18"]
[EventType "tourn (corr)"]
[EventRounds "6"]
[EventCountry "GER"]
[SourceTitle "Corr 2022"]
[Source "ChessBase"]
[SourceDate "2021.10.24"]
[SourceVersion "1"]
[SourceVersionDate "2021.10.24"]
[SourceQuality "1"]

1. d4 Nf6 2. c4 d6 3. Nf3 Nc6 4. Nc3 e5 5. d5 Ne7 6. e4 Ng6 7. Be2 Be7 8. 0-0 0-0 9. Be3 Ng4 10. Bd2 Nf4 11. Bxf4 exf4 12. Qd2 g5 13. h3 Ne5 14. Nxe5 dxe5 15. a3 a5 16. Rab1 Bd7 17. Rfd1 Bc5 18. Bf3 a4 19. Qe2 Kg7 20. Bg4 Ra6 21. Rd3 Rh8 22. Bxd7 Qxd7 23. Qh5 Rg6 24. Rc1 Rd8 25. Rcd1 Re8 26. Qg4 Qe7 27. Qh5 g4 28. Kf1 f3 29. g3 Ra8 30. h4 Bd4 31. Nb5 Bc5 32. R1d2 Kh8 33. Kg1 Kg7 34. Nc3 Qd6 35. Nb5 Qe7 36. Nc3 Qd6 37. Rd1 Kh8 38. Nb5 Qe7 39. R3d2 Raa6 1/2-1/2

[Event "OP-2013-0-02972"]
[Site "LSS email"]
[Date "2013.08.30"]
[Round "?"]
[White "Cruz Rivera, Pablo Ricardo"]
[Black "Olivas Montiel, Carlos Fernando"]
[Result "0-1"]
[WhiteElo "640"]
[BlackElo "2094"]
[PlyCount "70"]
[EventDate "2013.08.27"]
[EventType "tourn (corr)"]
[EventRounds "4"]
[EventCountry "GER"]
[SourceTitle "Telechess CBM 167"]
[Source "ChessBase"]
[SourceDate "2015.07.13"]
[SourceVersion "1"]
[SourceVersionDate "2015.07.13"]
[SourceQuality "1"]

1. d4 Nf6 2. Nf3 e6 3. g3 c5 4. dxc5 Bxc5 5. e3 0-0 6. Bg2 d5 7. 0-0 Nc6 8. Nc3 e5 9. b3 Be6 10. Bb2 Rc8 11. Na4 Bd6 12. Ng5 Bf5 13. Rc1 Nb4 14. a3 Na2 15. Ra1 Bxc2 16. Qd2 Bxb3 17. Nc3 Qa5 18. Bf3 h6 19. Nh3 Nxc3 20. Bxc3 Qxc3 21. Qxc3 Rxc3 22. Be2 d4 23. exd4 exd4 24. Rfc1 Re8 25. Rxc3 dxc3 26. Bd3 c2 27. Nf4 Bxf4 28. gxf4 Rd8 29. Be2 Rd2 30. Kf1 Bc4 31. Bxc4 Rd1+ 32. Rxd1 cxd1Q+ 33. Kg2 Qg4+ 34. Kf1 Qf3 35. Be2 Qh1# 0-1

[Event "OP-2013-0-02972"]
[Site "LSS email"]
[Date "2013.08.30"]
[Round "?"]
[White "Gorini, Michele"]
[Black "Olivas Montiel, Carlos Fernando"]
[Result "0-1"]
[WhiteElo "924"]
[BlackElo "2094"]
[PlyCount "60"]
[EventDate "2013.08.27"]
[EventType "tourn (corr)"]
[EventRounds "4"]
[EventCountry "GER"]
[SourceTitle "Telechess CBM 167"]
[Source "ChessBase"]
[SourceDate "2015.07.13"]
[SourceVersion "1"]
[SourceVersionDate "2015.07.13"]
[SourceQuality "1"]

1. Nf3 Nf6 2. g3 d5 3. Bg2 c5 4. d3 Nc6 5. 0-0 e5 6. c4 d4 7. Qa4 Bd7 8. a3 h6 9. e4 Bd6 10. Nh4 Ne7 11. Qd1 0-0 12. f4 exf4 13. Bxf4 Bxf4 14. Rxf4 Qb6 15. b3 g5 16. Rxf6 Qxf6 17. Nf5 Nxf5 18. exf5 Bxf5 19. Qf3 Qg6 20. Bf1 g4 21. Qf4 Bxd3 22. Bxd3 Qxd3 23. Qxh6 Rae8 24. Nd2 Qe3+ 25. Qxe3 dxe3 26. Nf1 e2 27. Kf2 exf1Q+ 28. Rxf1 Kg7 29. b4 Rh8 30. Kg1 Re2 0-1

[Event "ZH-2013-0-01114"]
[Site "LSS email"]
[Date "2013.08.30"]
[Round "?"]
[White "Olivas Montiel, Carlos Fernando"]
[Black "Kudryavtsev, Yaroslav"]
[Result "1-0"]
[WhiteElo "2088"]
[BlackElo "2146"]
[PlyCount "83"]
[EventDate "2013.08.21"]
[EventType "match (corr)"]
[EventRounds "2"]
[EventCountry "GER"]
[SourceTitle "Corr 2022"]
[Source "ChessBase"]
[SourceDate "2021.10.24"]
[SourceVersion "1"]
[SourceVersionDate "2021.10.24"]
[SourceQuality "1"]

1. d4 Nf6 2. Nf3 d5 3. c4 c6 4. Nc3 e6 5. Bg5 h6 6. Bxf6 Qxf6 7. e3 Nd7 8. Bd3 Qd8 9. 0-0 Be7 10. Qc2 0-0 11. Rfd1 dxc4 12. Bxc4 b6 13. a3 Bb7 14. Ba2 Qc7 15. Rac1 Rac8 16. Bb1 g6 17. Ba2 Kg7 18. Qe2 Rfd8 19. e4 a6 20. e5 b5 21. b4 a5 22. Rb1 axb4 23. axb4 Ra8 24. Rdc1 Qb6 25. Rb3 Nb8 26. Ne4 Na6 27. Nc5 Nxc5 28. dxc5 Qa7 29. Bb1 Qa4 30. Qe3 Rd5 31. Be4 Rd7 32. Bc2 Rh8 33. Nd2 Qa2 34. h3 Bg5 35. f4 Be7 36. Ne4 Ra8 37. Nd6 Rf8 38. Qc3 Qa8 39. f5 Bg5 40. f6+ Kg8 41. Ra1 Qd8 42. Qd4 1-0

[Event "SA-2013-0-00341"]
[Site "LSS email"]
[Date "2013.04.20"]
[Round "?"]
[White "Olivas Montiel, Carlos Fernando"]
[Black "Kolanek, Roman"]
[Result "1/2-1/2"]
[WhiteElo "2078"]
[BlackElo "2164"]
[PlyCount "72"]
[EventDate "2013.03.19"]
[EventType "tourn (corr)"]
[EventRounds "6"]
[EventCountry "GER"]
[SourceTitle "Corr 2022"]
[Source "ChessBase"]
[SourceDate "2021.10.24"]
[SourceVersion "1"]
[SourceVersionDate "2021.10.24"]
[SourceQuality "1"]

1. d4 Nf6 2. Nf3 d5 3. c4 e6 4. Nc3 h6 5. g3 Nc6 6. Bg2 Bd6 7. b3 b6 8. Bb2 Bb7 9. 0-0 0-0 10. e3 Re8 11. Qe2 a6 12. Rfd1 Ra7 13. Rac1 b5 14. Ra1 bxc4 15. bxc4 dxc4 16. Rab1 Nd5 17. Nd2 Na5 18. Nxc4 Nxc4 19. Qxc4 Nb6 20. Qe2 Bxg2 21. Kxg2 Qa8+ 22. e4 Rb7 23. Rbc1 Nc4 24. Ba1 Rb4 25. Re1 Na3 26. Nb1 Nxb1 27. Rxb1 Reb8 28. Rxb4 Rxb4 29. Rc1 Qb7 30. Rc2 Ra4 31. Rb2 Qc6 32. h4 Qc4 33. Rb8+ Kh7 34. Qh5 Rxa2 35. Qxf7 Rxa1 36. Kh3 Rh1+ 1/2-1/2

[Event "OP-2013-0-02741"]
[Site "LSS email"]
[Date "2013.04.19"]
[Round "?"]
[White "Lenz, Juergen"]
[Black "Olivas Montiel, Carlos Fernando"]
[Result "0-1"]
[WhiteElo "1083"]
[BlackElo "2075"]
[PlyCount "50"]
[EventDate "2013.04.16"]
[EventType "tourn (corr)"]
[EventRounds "4"]
[EventCountry "GER"]
[SourceTitle "Telechess CBM 161"]
[Source "ChessBase"]
[SourceDate "2014.07.16"]
[SourceVersion "1"]
[SourceVersionDate "2014.07.16"]
[SourceQuality "1"]

1. d4 Nf6 2. Nf3 d5 3. Bf4 Bf5 4. e3 e6 5. c4 Bxb1 6. Rxb1 Bb4+ 7. Ke2 Bd6 8. Bxd6 Qxd6 9. Qb3 0-0 10. Ke1 b6 11. Ne5 c5 12. Rd1 cxd4 13. exd4 dxc4 14. Bxc4 Nc6 15. Nxc6 Qxc6 16. f3 Rfd8 17. Kf2 Rac8 18. Bd3 g6 19. Bb1 Rd5 20. Rd3 Qd6 21. Ke3 e5 22. dxe5 Qc5+ 23. Ke2 Rxe5+ 24. Kf1 Rce8 25. Rd1 Re2 0-1

[Event "OP-2013-0-02741"]
[Site "LSS email"]
[Date "2013.04.19"]
[Round "?"]
[White "Miquel Badenes, Jose"]
[Black "Olivas Montiel, Carlos Fernando"]
[Result "0-1"]
[WhiteElo "1235"]
[BlackElo "2075"]
[PlyCount "76"]
[EventDate "2013.04.16"]
[EventType "tourn (corr)"]
[EventRounds "4"]
[EventCountry "GER"]
[SourceTitle "Telechess CBM 161"]
[Source "ChessBase"]
[SourceDate "2014.07.16"]
[SourceVersion "1"]
[SourceVersionDate "2014.07.16"]
[SourceQuality "1"]

1. d4 Nf6 2. Nf3 d5 3. e3 e6 4. Bd3 c5 5. b3 Be7 6. Bb2 cxd4 7. exd4 0-0 8. 0-0 b6 9. Nbd2 Bb7 10. Ne5 Nbd7 11. Ndf3 a5 12. Qe2 a4 13. a3 Ne4 14. Rac1 Nxe5 15. Nxe5 axb3 16. cxb3 Bxa3 17. h3 Bxb2 18. Qxb2 f6 19. Nf3 Qe7 20. Rc2 Rfc8 21. Rfc1 Nd6 22. Qb1 g6 23. h4 e5 24. Bf1 e4 25. Ne1 Nf5 26. Rxc8+ Bxc8 27. g3 Nxd4 28. Ng2 Nf3+ 29. Kh1 d4 30. Bc4+ Kg7 31. Qb2 d3 32. Rd1 Qe5 33. Qxe5 Nxe5 34. Bd5 Bg4 35. Rb1 Rc8 36. Bxe4 d2 37. Kh2 Rc1 38. Ne3 f5 0-1

[Event "OP-2013-0-02741"]
[Site "LSS email"]
[Date "2013.04.19"]
[Round "?"]
[White "Olivas Montiel, Carlos Fernando"]
[Black "Chamberlain, Edwin"]
[Result "1-0"]
[WhiteElo "2075"]
[BlackElo "945"]
[PlyCount "59"]
[EventDate "2013.04.16"]
[EventType "tourn (corr)"]
[EventRounds "4"]
[EventCountry "GER"]
[SourceTitle "Telechess CBM 161"]
[Source "ChessBase"]
[SourceDate "2014.07.16"]
[SourceVersion "1"]
[SourceVersionDate "2014.07.16"]
[SourceQuality "1"]

1. d4 Nf6 2. Nf3 g6 3. c4 Bg7 4. Nc3 d5 5. Bf4 0-0 6. e3 c5 7. dxc5 dxc4 8. Qxd8 Rxd8 9. Bxc4 Nc6 10. Ne5 Nxe5 11. Bxe5 Bf5 12. 0-0 Bd3 13. Bxd3 Rxd3 14. Rfd1 Rad8 15. Bd4 Rxd1+ 16. Rxd1 a6 17. f3 Nh5 18. Bxg7 Rxd1+ 19. Nxd1 Nxg7 20. b4 Kf8 21. Kf2 Ke8 22. Ke2 Kd7 23. Kd3 Ne6 24. Nc3 Kc6 25. Kc4 b5+ 26. cxb6 Nd8 27. a4 e6 28. a5 Nb7 29. Ne4 f5 30. Ng5 1-0

[Event "CP-2012-P-00018"]
[Site "LSS email"]
[Date "2012.10.01"]
[Round "?"]
[White "Topot, Iwan"]
[Black "Olivas Montiel, Carlos Fernando"]
[Result "1-0"]
[WhiteElo "1746"]
[BlackElo "2075"]
[PlyCount "27"]
[EventDate "2012.10.05"]
[EventType "tourn (corr)"]
[EventRounds "6"]
[EventCountry "GER"]
[SourceTitle "Corr 2015"]
[Source "ChessBase"]
[SourceDate "2015.07.17"]
[SourceVersion "1"]
[SourceVersionDate "2015.07.17"]
[SourceQuality "1"]

1. e4 e6 2. d4 d5 3. Nd2 Nf6 4. e5 Nfd7 5. c3 c5 6. Bd3 h6 7. Ngf3 Nc6 8. 0-0 g5 9. dxc5 Nxc5 10. Bb5 a6 11. Be2 h5 12. Nb3 g4 13. Bg5 Nxe5 14. Bxd8 1-0

[Event "CP-2010-Q-00007"]
[Site "LSS email"]
[Date "2012.01.15"]
[Round "?"]
[White "Olivas Montiel, Carlos Fernando"]
[Black "Mason, Ian C"]
[Result "1/2-1/2"]
[WhiteElo "2046"]
[BlackElo "2180"]
[PlyCount "85"]
[EventDate "2012.01.20"]
[EventType "tourn (corr)"]
[EventRounds "6"]
[EventCountry "GER"]
[SourceTitle "Telechess CBM 159"]
[Source "ChessBase"]
[SourceDate "2014.03.17"]
[SourceVersion "1"]
[SourceVersionDate "2014.03.17"]
[SourceQuality "1"]

1. d4 Nf6 2. Nf3 e6 3. c4 d5 4. Nc3 c6 5. e3 Nbd7 6. Bd3 dxc4 7. Bxc4 b5 8. Bd3 Bb7 9. 0-0 a6 10. e4 c5 11. d5 c4 12. dxe6 fxe6 13. Bc2 Qc7 14. Ng5 Nc5 15. e5 Qxe5 16. Re1 Qd6 17. Qxd6 Bxd6 18. Be3 0-0 19. Rad1 Be7 20. Bxc5 Bxc5 21. Nxe6 Rfc8 22. Nxc5 Rxc5 23. f3 Kf7 24. Rd6 Rac8 25. h4 R8c7 26. Kf2 R5c6 27. Rdd1 g6 28. b3 Bc8 29. g4 Be6 30. b4 Rd7 31. a4 Nd5 32. Nxd5 Bxd5 33. axb5 axb5 34. Re5 Rcd6 35. h5 Bc6 36. hxg6+ hxg6 37. Rxd6 Rxd6 38. Ke3 Bd7 39. Be4 Be8 40. Rg5 Ke7 41. Rc5 Kf7 42. f4 Ke7 43. g5 1/2-1/2

[Event "OP-2010-0-01200"]
[Site "LSS email"]
[Date "2010.07.06"]
[Round "?"]
[White "Olivas Montiel, Carlos Fernando"]
[Black "Rodriguez, Armando"]
[Result "1-0"]
[WhiteElo "1896"]
[BlackElo "1000"]
[PlyCount "39"]
[EventDate "2010.07.01"]
[EventType "tourn (corr)"]
[EventRounds "4"]
[EventCountry "GER"]
[SourceTitle "Telechess CBM 143"]
[Source "ChessBase"]
[SourceDate "2011.07.15"]
[SourceVersion "1"]
[SourceVersionDate "2011.07.15"]
[SourceQuality "1"]

1. d4 Nf6 2. Nf3 d5 3. Bf4 Nc6 4. Nc3 Bf5 5. e3 e6 6. Bb5 a6 7. Bxc6+ bxc6 8. Ne5 Bd6 9. Nxc6 Qd7 10. Ne5 Bxe5 11. Bxe5 0-0 12. Bxf6 e5 13. Bxe5 f6 14. Bg3 Rab8 15. b3 c5 16. Bxb8 Rxb8 17. dxc5 d4 18. Qxd4 Qxd4 19. exd4 Re8+ 20. Kd2 1-0

[Event "OP-2010-0-01200"]
[Site "LSS email"]
[Date "2010.07.06"]
[Round "?"]
[White "Vontina, Maria"]
[Black "Olivas Montiel, Carlos Fernando"]
[Result "0-1"]
[WhiteElo "690"]
[BlackElo "1896"]
[PlyCount "46"]
[EventDate "2010.07.01"]
[EventType "tourn (corr)"]
[EventRounds "4"]
[EventCountry "GER"]
[SourceTitle "Telechess CBM 143"]
[Source "ChessBase"]
[SourceDate "2011.07.15"]
[SourceVersion "1"]
[SourceVersionDate "2011.07.15"]
[SourceQuality "1"]

1. e4 e6 2. d4 d5 3. Nc3 Nf6 4. Bg5 Be7 5. e5 Nfd7 6. Bxe7 Qxe7 7. Nf3 0-0 8. Bd3 c5 9. dxc5 Nxc5 10. 0-0 f6 11. exf6 Qxf6 12. Nb5 a6 13. Nc7 Ra7 14. b4 Na4 15. c4 Nb2 16. Qc2 Nxd3 17. Qxd3 b6 18. Nxd5 exd5 19. Qxd5+ Raf7 20. a3 Bb7 21. Qd3 Bxf3 22. Qxf3 Qxf3 23. gxf3 Nc6 0-1